01415nam a2200265Ia 4500001000600000003000900006008004100015040001300056040001300069041001300082100001100095100002900106245002500135245002500160250001100185260001200196260003700208260004900245300005700294500069100351650002701042650003101069700002001100700002901120H1518IT-RoPAU130308s9999 xx 000 0 und d aIT-RoPAU cIT-RoPAU aITALIANO aAA.VV. gCodice Aut. SPICS: 12000 a"Schizzo 8 ""idee""" b"Schizzo 8 ""Idee""" a1a ed. aCREMONA b"Centro Fumetto ""A. Pazienza""" c2000 [1° Ed.:2000 - Ed.Ling.Originale:2000] a"144 p. (prefazione: no ; testo: 144 [pagine: 0-0])" a"Rivista di Idee, Riflessioni, Approfondimenti Sulle Opere, gli Autori e Illinguaggio del Fumetto. Saggio: Storie e figure di grazia Nidasio di R. Occhi. Altri Saggi su Personaggi del Fumetto; Diritto d'autore e Proprietà delle tavole Originali; Fumetto e Censura; Fumetto e Ideologia; Architetturatra le Nuvole; Confronti e Riflessioni. Cronaca: festival di Annecy 1999; festival di Sierre; Fumetto All'Estero: in Slovenia e Serbia; Narrativa, Saggistica e Fumetto; Fiere del Fumetto: Gioie e Dolori di Lucca Comics, intervista a Luca Boschi. Fumetto Visto Dalla Politica: interviste a Corada e Jacini. panoramica Italiana: Qual'E' la Vera Crisi del Fumetto Italiano? di M. Ginevra." aLINGUAGGIO DEL FUMETTO eCodice materia Spics: 6704 aGinevra Michele gCodice Aut. SPICS: 56715